000 00389nam a2200145Ia 4500
008 240624s9999 xx 000 0 und d
041 _aeng
082 _a658.3 ART
100 _aARTHUR DIANNE
245 _aRECRUITING INTERVIEWING SELECTING AND OR
250 _a(4th ed.)
260 _c2008
_aNew Delhi
_bPrentice-Hall of India
300 _axii, : 354 : p. : cm. ; 25
365 _cRS
_b35
999 _c15018
_d15018